000
00238 a2200097 4500
001
7729
100
_a
Franklin, P
245
_a
Introduction to fourier methods and the laplace transformation
260
_a
_b
Dover
_c
090
_c
6186
_d
6186
942
_a
NUST-CAE
_c
M
_c
32696
999
_c
242802
_d
242802